000 00520nam a2200181 4500
001 120853
003 ES-MaACL
005 20230906191633.0
007 t|
008 070214s1917 sp r ||||1| spa d
080 _a659.1
100 1 _aPrat Gaballí, Pedro (
_d1885-1962)
_993676
245 1 4 _aUna nueva técnica
_b: la publicidad científica /
_cPedro Prat Gaballi.
260 _aBarcelona :
_bHenrich y Cia.,
_c1917.
300 _a164 p. ;
_c18 cm.
650 0 4 _aPublicidad.
_916609
852 _aES-MaACL
_jF-3509
999 _c120853
_d120853